<?xml version="1.0" encoding="UTF-8"?>
<record
    xmlns:xsi="http://www.w3.org/2001/XMLSchema-instance"
    xsi:schemaLocation="http://www.loc.gov/MARC21/slim http://www.loc.gov/standards/marcxml/schema/MARC21slim.xsd"
    xmlns="http://www.loc.gov/MARC21/slim">

  <leader>02329nam a2200337 u 4500</leader>
  <controlfield tag="001">890562</controlfield>
  <controlfield tag="005">20260506154301.0</controlfield>
  <controlfield tag="008">040916s2004                        spa  </controlfield>
  <datafield tag="020" ind1=" " ind2=" ">
    <subfield code="a">8497840003</subfield>
  </datafield>
  <datafield tag="035" ind1=" " ind2=" ">
    <subfield code="a">890562</subfield>
  </datafield>
  <datafield tag="035" ind1=" " ind2=" ">
    <subfield code="a">(OCoLC)433535790</subfield>
  </datafield>
  <datafield tag="040" ind1=" " ind2=" ">
    <subfield code="c">comduadb</subfield>
  </datafield>
  <datafield tag="041" ind1=" " ind2=" ">
    <subfield code="a">spa</subfield>
  </datafield>
  <datafield tag="082" ind1=" " ind2="4">
    <subfield code="a">155</subfield>
  </datafield>
  <datafield tag="100" ind1="1" ind2="0">
    <subfield code="a">Cyrulnik, Boris,</subfield>
    <subfield code="d">1937-</subfield>
    <subfield code="4">aut</subfield>
    <subfield code="0">(isni)0000 0001 2132 6163</subfield>
    <subfield code="0">(viaf)51687967</subfield>
    <subfield code="e">aut</subfield>
    <subfield code="9">331394</subfield>
  </datafield>
  <datafield tag="245" ind1="1" ind2="3">
    <subfield code="a">El realismo de la esperanza</subfield>
  </datafield>
  <datafield tag="260" ind1=" " ind2=" ">
    <subfield code="a">Barcelona :</subfield>
    <subfield code="b">Editorial Gedisa,</subfield>
    <subfield code="c">2004.</subfield>
  </datafield>
  <datafield tag="300" ind1=" " ind2=" ">
    <subfield code="a">253 p&#xE1;ginas.</subfield>
  </datafield>
  <datafield tag="505" ind1=" " ind2=" ">
    <subfield code="a">CONTENIDO : Pr&#xF3;logo. -- La resiliencia: el realismo de la esperanza. -- I: COMPRENDER LA RESILIENCIA: La construcci&#xF3;n de la resiliencia en el transcurso de las relaciones precoces. -- El surgimiento del concepto. -- Enfoque filos&#xF3;fico de la resiliencia. -- II: LOS TESTIMONIOS: La encarnaci&#xF3;n de la resiliencia. -- La resiliencia de los ni&#xF1;os abandonados en Argelia. -- Los ni&#xF1;os de las calles de Colombia. -- III: CONSTRUIR LA RESILIENCIA: Humor y resiliencia: la sonrisa que da vida. -- La resiliencia mediante la reconstrucci&#xF3;n del sentido: la experiencia de los traumas individuales y colectivos. -- La resiliencia ilegal. -- Reciclaje de la violencia y capacidad de resiliencia: la hip&#xF3;tesis transicional en la reparaci&#xF3;n. -- IV: SOSTENER LA RESILIENCIA DE LOS NI&#xD1;OS: Hacia el buen trato del ni&#xF1;o y de las familias: una experiencia de trabajo de resiliencia en programas de protecci&#xF3;n maternos infantil (PMI). -- Una pedagog&#xED;a fundada en el respeto al ni&#xF1;o y en el di&#xE1;logo: la contribuci&#xF3;n de la resiliencia. -- Conclusiones y perspectivas. -- ANEXOS: El reconocimiento social y jur&#xED;dico de los traumas. -- "&#xBF;Son resilientes nuestras instituciones?. -- BIBLIOGRAF&#xCD;A.</subfield>
  </datafield>
  <datafield tag="650" ind1=" " ind2="7">
    <subfield code="a">Psicolog&#xED;a infantil</subfield>
    <subfield code="2">lemb</subfield>
    <subfield code="9">141415</subfield>
  </datafield>
  <datafield tag="650" ind1=" " ind2=" ">
    <subfield code="a">Ni&#xF1;os de la calle - Colombia</subfield>
    <subfield code="9">134119</subfield>
  </datafield>
  <datafield tag="650" ind1=" " ind2="7">
    <subfield code="a">Respeto</subfield>
    <subfield code="2">lemb</subfield>
    <subfield code="9">35752</subfield>
  </datafield>
  <datafield tag="650" ind1=" " ind2=" ">
    <subfield code="a">Ni&#xF1;os abandonados - &#xC1;frica</subfield>
    <subfield code="9">117314</subfield>
  </datafield>
  <datafield tag="650" ind1=" " ind2="7">
    <subfield code="a">Resiliencia (Psicolog&#xED;a)</subfield>
    <subfield code="2">lemb</subfield>
    <subfield code="9">206856</subfield>
  </datafield>
  <datafield tag="650" ind1=" " ind2="7">
    <subfield code="a">Ni&#xF1;os y violencia</subfield>
    <subfield code="2">lemb</subfield>
    <subfield code="9">113435</subfield>
  </datafield>
  <datafield tag="700" ind1="1" ind2="0">
    <subfield code="a">Tomkiewiczx, Stanislaw</subfield>
    <subfield code="4">aut</subfield>
    <subfield code="e">aut</subfield>
    <subfield code="9">300897</subfield>
  </datafield>
  <datafield tag="700" ind1="1" ind2="0">
    <subfield code="a">Guenard, Tim</subfield>
    <subfield code="4">aut</subfield>
    <subfield code="e">aut</subfield>
    <subfield code="9">540259</subfield>
  </datafield>
  <datafield tag="700" ind1="1" ind2="0">
    <subfield code="a">Vanistendael, Stefan</subfield>
    <subfield code="4">aut</subfield>
    <subfield code="e">aut</subfield>
    <subfield code="9">386565</subfield>
  </datafield>
  <datafield tag="700" ind1="1" ind2="0">
    <subfield code="a">Manciaux, Michel,</subfield>
    <subfield code="d">1928-2014</subfield>
    <subfield code="4">aut</subfield>
    <subfield code="0">(isni)0000 0000 8078 6613</subfield>
    <subfield code="0">(viaf)14302</subfield>
    <subfield code="e">aut</subfield>
    <subfield code="9">510255</subfield>
  </datafield>
  <datafield tag="942" ind1=" " ind2=" ">
    <subfield code="c">BOOK</subfield>
  </datafield>
  <datafield tag="999" ind1=" " ind2=" ">
    <subfield code="c">335199</subfield>
    <subfield code="d">335199</subfield>
  </datafield>
  <datafield tag="952" ind1=" " ind2=" ">
    <subfield code="0">0</subfield>
    <subfield code="1">0</subfield>
    <subfield code="4">0</subfield>
    <subfield code="7">0</subfield>
    <subfield code="8">GEN</subfield>
    <subfield code="a">BC</subfield>
    <subfield code="b">BC</subfield>
    <subfield code="d">2004-09-16</subfield>
    <subfield code="e">Al Pie de la Letra</subfield>
    <subfield code="g">83000.00</subfield>
    <subfield code="i">C838776</subfield>
    <subfield code="l">0</subfield>
    <subfield code="o">155.4 R288</subfield>
    <subfield code="p">0544387</subfield>
    <subfield code="r">2025-05-29 13:33:24</subfield>
    <subfield code="t">1</subfield>
    <subfield code="w">2023-04-25</subfield>
    <subfield code="y">BOOK</subfield>
  </datafield>
</record>
